Paíse con territorio en más de un continente - Estadísticas

Estadísticas generales
  • Esta prueba ha sido intentada 94 veces
    68 desde el último reinicio
  • La puntuación promedio es 9 de 11
Estadísticas de respuestas
Continentes País % Correcto
Europa y Asia Rusia
98%
Europa y Asia Turquía
95%
Europa, Ámerica, África y Oceanía Francia
94%
Europa, Ámerica, Oceanía y África Reino Unido
92%
Europa y África España
89%
África y Asia Egipto
87%
Europa y África Portugal
76%
Europa y Asia Georgia
71%
Europa y Asia Azerbaiyán
68%
Europa y Ámerica Dinamarca
68%
Europa y Asia Kazajistán
68%
No se encontraron pruebas coincidentes
Distribución de puntuación
Porcentaje de gente con cada puntuación
Porcentaje por número respondido
Historial de tus puntuaciones
No has intentado esta prueba desde el último reinicio